000 00735nam a22002177a 4500
003 0
005 20250829092356.0
008 250829b xxu||||| |||| 00| 0 eng d
020 _a979-8-89161-659-2
050 _aKF 2750
_b.M67 2025
100 _aMorris, Fernando,
_eauthor.
245 _aCommunication and media laws and ethics /
_cFernando Morris.
260 _aJersey City, USA :
_bAlexis Press,
_c2025.
300 _ax, 303 pages ;
_c27 cm.
504 _aIncludes bibliographical references and index.
650 _aMass media
_xLaw and legislation.
650 _aMass media
_xMoral and ethical aspects.
650 _aCommunication
_xLaw and legislation.
650 _aJournalism
_xMoral and ethical aspects.
942 _2lcc
_cBK
999 _c367673
_d367673